|
|
|
|
| LEADER |
00000cam a2200000 a 4500 |
| 001 |
72389 |
| 003 |
Ucuenca |
| 005 |
20230308165135.0 |
| 008 |
000000| sp |||||r|||||||||||spa|| |
| 040 |
|
|
|b spa
|
| 041 |
0 |
|
|a spa
|
| 082 |
0 |
|
|a 515.3
|
| 100 |
1 |
|
|9 32919
|a Mataix Plana, José Luis
|
| 245 |
|
|
|a Mil problemas de cálculo Infinitesimal: cálculo diferencial
|c José Luis Mataix Plana
|h imp
|
| 264 |
|
|
|a Madrid
|b Dossat
|c s.f.
|
| 300 |
|
|
|a 231 páginas:
|c 21 cm
|b gra
|
| 504 |
|
|
|a incl. ref.
|
| 650 |
|
|
|a Calculo integral
|9 20085
|
| 650 |
|
0 |
|a Cálculo diferencial
|9 14425
|
| 852 |
|
|
|a UC-CDJBV
|f Compra
|l 1
|m General
|p 00000000
|q 3.00
|r 2
|t 72389
|b 0
|d CDRC
|e CDRC
|g 515.3 SEGUNDO PISO
|z 0000-00-00
|
| 852 |
|
|
|a UC-CDJBV
|f Compra
|l 2
|m General
|p 00000000
|q 3.00
|r 2
|t si11449
|b 0
|d CDRC
|e CDRC
|g 515.3 SEGUNDO PISO
|z 0000-00-00
|
| 942 |
|
|
|c BK
|2 ddc
|0 1
|
| 999 |
|
|
|c 27800
|d 27800
|